000 00965nas a2200301 4500
001 BR2011006929
003 BR-BrBNA
005 20231205120147.0
007 ta
008 230509b bl.|||p| |||| 00| 00por d
040 _aBR-BrBNA
_bpor
_cBiblioteca Nacional de Agricultura
041 _a(Pt)
072 _aF08
100 1 _aPereira, F.H.F.
100 1 _aPuiatti, M.
100 1 _aFinger, F.L.
100 1 _aCecon, P.R.
100 1 _aAquino, L.A. de
245 1 _aProdução e qualidade de frutos de melões amarelo e charentais cultivados em ambientes sombreados
650 _aCUCUMIS MELO
650 _aSOMBREAMENTO
650 _aPRODUTIVIDADE
650 _aETILENO
773 0 _tRevista Brasileira de Engenharia Agrícola e Ambiental (Brazil)
_xISSN 1807-1929
_g(Sep 2010), v.14(9) p. 944-950
_wBR2011006929
856 4 0 _uhttp://www.scielo.br/pdf/rbeaa/v14n9/a06v14n9.pdf
909 _a202311
_bLúcia
_c55
_dLúcia Elande
942 _2AGRIS
_n0
_cANA
999 _c217266
_d217266